Bluey! Guess the character from the quote! #1 - Statistics

General Stats
  • This quiz has been taken 106 times
  • The average score is 9 of 15
Answer Stats
Hint Answer % Correct
"I am Hurryupping!" Bingo
97%
"How do you remove makeup?" Bandit
90%
"I'm the Flamingo queen!" Muffin
88%
"Hello doctor ladies! Do you sell crutches? Rusty
75%
"Do it slowly and carefully by unselfish teamwork." Chili
71%
"Bonjour!" Jean Luc
71%
"Aaaand why should I care?" Unicorse
71%
"Don't worry, they just want to eat your blood!" Mackenzie
63%
"Mums go to work!" Indy
62%
"Password!" Chloe
56%
"I shouldn't have let my guard down." Pat
53%
"They were out of eclairs." Judo
42%
"Sprinkles!" Snickers
42%
"Ahhh, we're cooked kids." Grandad
34%
"Why can't I do it the first time?" Bentley
27%
No matching quizzes found
Score Distribution
Percent of People with Each Score
Percentile by Number Answered
Your Score History
You have not taken this quiz